[Event "Dortmund Sparkassen op-A 51st"]
[White "Giacomini, Hector"]
[Black "Schloesser, Alexander"]
[Site "Dortmund"]
[Round "9"]
[Result "1-0"]
[Date "2024.08.18"]
[WhiteElo "2125"]
[BlackElo "1975"]
[PlyCount "63"]
[EventDate "2024.08.10"]
[EventType "swiss"]
[EventRounds "9"]
[EventCountry "GER"]
[SourceTitle "CBM 221 Extra"]
[Source "ChessBase"]
[SourceDate "2024.09.30"]
[SourceVersion "1"]
[SourceVersionDate "2024.09.30"]
[SourceQuality "1"]

1. Nf3 d5 2. e3 c6 3. d4 e6 4. Bd3 f5 5. 0-0 Bd6 6. b3 Nd7 7. c4 Qf6 8. Ba3 Bc7 9. Nbd2 g5 10. Qc2 g4 11. Ne1 Nh6 12. Rc1 Bxh2+ 13. Kxh2 g3+ 14. Kg1 Ng4 15. Nef3 Rg8 16. Bd6 gxf2+ 17. Rxf2 Nxe3 18. Qc3 Qg6 19. Bf1 Ng4 20. Re2 Ndf6 21. Ne5 Nxe5 22. Bxe5 Ne4 23. Nxe4 fxe4 24. Re3 Qh6 25. Rh3 Qg6 26. Rg3 Qf7 27. Rc2 Bd7 28. Rf2 Rxg3 29. Qxg3 Qg6 30. Qh4 e3 31. Rf3 c5 32. Bd6 1-0

[Event "Ruhrgebiet-ch U18"]
[White "Schloesser, Alexander"]
[Black "Butschek, Tanja"]
[Site "Muelheim"]
[Round "6"]
[Result "1/2-1/2"]
[Date "2004.04.08"]
[WhiteElo "1465"]
[BlackElo "1790"]
[PlyCount "167"]
[EventDate "2004.04.??"]
[EventType "swiss"]
[EventRounds "7"]
[EventCountry "GER"]
[SourceTitle "EXT 2005"]
[Source "ChessBase"]
[SourceDate "2004.11.15"]
[SourceVersion "1"]
[SourceVersionDate "2004.11.15"]
[SourceQuality "1"]

1. e3 d5 2. b3 Nf6 3. f4 c5 4. Bb2 Nc6 5. Nf3 Bf5 6. a3 e6 7. Bb5 Rc8 8. 0-0 Be7 9. d3 0-0 10. Bxc6 Rxc6 11. Qe1 a6 12. h3 h6 13. Nbd2 b5 14. Ne5 Rc8 15. g4 Bh7 16. Ndf3 Nd7 17. Nxd7 Qxd7 18. h4 c4 19. Bd4 cxd3 20. cxd3 f6 21. Qe2 Rc7 22. g5 hxg5 23. hxg5 Rfc8 24. e4 Rc2 25. Qe3 e5 26. f5 Bxf5 27. gxf6 Bh3 28. f7+ Kf8 29. Nxe5 Rg2+ 30. Kh1 Qe6 31. Rf3 Bg5 32. Bc5+ Be7 33. Bxe7+ Kxe7 34. Qa7+ Kf8 35. Nd7+ Qxd7 36. Qxd7 Bxd7 37. Kxg2 dxe4 38. dxe4 Be6 39. b4 Bxf7 40. Raf1 Rc7 41. Kg3 Ke8 42. e5 Re7 43. Re3 Bc4 44. Rd1 Ra7 45. Rd6 a5 46. bxa5 Rxa5 47. Kf4 Ke7 48. Rb6 Ra7 49. Rg3 Kf7 50. Kg5 Re7 51. Re3 Ke8 52. e6 Kd8 53. Rc6 Ra7 54. Kf5 Ke7 55. Kg6 Ke8 56. Rh3 Rb7 57. Rh8+ Ke7 58. Kxg7 Bxe6 59. Kg6 Kd7 60. Rc3 Rb6 61. Rh4 Bc4+ 62. Kf5 Rc6 63. Ke5 Kc7 64. Rh7+ Kb6 65. Rd7 Kc5 66. Rd5+ Kb6 67. Rd6 Kc5 68. Rxc6+ Kxc6 69. Kd4 Kb6 70. a4 Bf1 71. axb5 Bxb5 72. Kd5 Be2 73. Rc5 Bf3+ 74. Kd6 Bg2 75. Rc2 Be4 76. Rb2+ Ka6 77. Kc5 Bf3 78. Rb3 Bg2 79. Kd6 Bf3 80. Kc7 Bd5 81. Rb2 Be4 82. Kd6 Bf3 83. Kc5 Be4 84. Rb6+ 1/2-1/2

[Event "Ruhrgebiet-ch U18"]
[White "Schloesser, Alexander"]
[Black "Lang, Daniel"]
[Site "Muelheim"]
[Round "5"]
[Result "0-1"]
[Date "2004.04.06"]
[WhiteElo "1465"]
[BlackElo "1845"]
[PlyCount "137"]
[EventDate "2004.04.??"]
[EventType "swiss"]
[EventRounds "7"]
[EventCountry "GER"]
[SourceTitle "EXT 2005"]
[Source "ChessBase"]
[SourceDate "2004.11.15"]
[SourceVersion "1"]
[SourceVersionDate "2004.11.15"]
[SourceQuality "1"]

1. b3 c5 2. e3 d5 3. Bb2 Nc6 4. c4 d4 5. d3 f5 6. exd4 cxd4 7. Ba3 Nf6 8. Be2 e5 9. Bxf8 Rxf8 10. Qd2 Qd6 11. Nh3 Bd7 12. f3 h6 13. Nf2 Kf7 14. a3 Rae8 15. Qc2 Nd8 16. Nd2 Ne6 17. b4 Nf4 18. Rg1 Bc6 19. c5 Qe7 20. Nc4 e4 21. Nd6+ Kg6 22. Nxe8 Ba4 23. Qxa4 exd3 24. Ne4 Rxe8 25. Bxd3 Nxd3+ 26. Kd2 fxe4 27. Qc2 Nf2 28. Rge1 d3 29. Qc4 e3+ 30. Kc3 Qe5+ 31. Kb3 d2 32. Reb1 e2 33. Qc2+ N2e4 34. fxe4 Qxa1 35. e5+ Kf7 36. Rxa1 e1Q 37. Rd1 Qxe5 38. Rxd2 Kg8 39. Qc4+ Qe6 40. Qxe6+ Rxe6 41. a4 Kf7 42. b5 Ne4 43. Rc2 Ke7 44. Kb4 Kd7 45. a5 a6 46. c6+ bxc6 47. bxa6 Kc7 48. Ka4 Nd6 49. Rb2 Re4+ 50. Rb4 Rxb4+ 51. Kxb4 Nb5 52. Kc5 Na7 53. Kc4 Kd6 54. g3 g6 55. h3 c5 56. g4 g5 57. Kd3 Kd5 58. Ke3 c4 59. Kd2 Kd4 60. Kc2 c3 61. h4 gxh4 62. g5 hxg5 63. Kd1 Kd3 64. Kc1 h3 65. Kd1 h2 66. Ke1 h1Q+ 67. Kf2 Qe4 68. Kg3 Qf4+ 69. Kg2 0-1